00575nam a2200181 i 4500001000700000003000900007005001700016007000300033008004100036080002500077100003300102245003800135260003700173300002200210852002100232999001900253952012100272135586ES-MaACL20230906194918.0t|070719s1926 sp ||||1| spa d a821.134.2(72)-14"19"1 aTorres Bodet, Jaime.911092910aPoesías / cJaime Torres Bodet. aMadrid : bEspasa-Calpe, c1926. a142 p. ; c19 cm. aES-MaACLjF-2311 c135586d135586 00104070aATENEOMbATENEOMcDEPO2d2008-01-17eSCl0oF-2311p1141113r2023-02-23 00:00:00w2023-02-23yMONOGRAFIA